[Event "Challenge"]
[Site "http://www.queenalice.com/game.php?id=1151791"]
[Date "2013.2.14"]
[Round "-"]
[White "mascarade"]
[Black "Andre1962"]
[Result "0-1"]
[WhiteElo "1835"]
[BlackElo "1827"]

1. Nf3 Nc6 2. g3 b6 3. Bg2 e5 4. e4 Ba6 5. d3 Bc5 6. O-O Nh6 7. Nc3 O-O 8. Bxh6
gxh6 9. Na4 Bb4 10. Nh4 Ne7 11. f4 d6 12. f5 c5 13. Qg4+ Kh8 14. f6 Ng6 15. Qh5
Nxh4 16. Qxh4 Rg8 17. Qxh6 Rg6 18. Qh4 b5 19. Bh3 bxa4 20. Bf5 Qxf6 21. Bxg6
Qxg6 22. Rf6 Qg8 23. Rxd6 Bb5 24. Rf1 c4 25. Qf6+ Qg7 26. Rd8+ Rxd8 27. Qxd8+
Qf8 28. Qd5 Qc5+ 29. Kh1 cxd3 30. Qd8+ Qf8 31. Qxf8+ Bxf8 32. Rxf7 Kg8 33. Rf2
Bb4 34. c3 Bc5 35. Rd2 Be3 36. Rd1 d2 37. Kg2 Be2 0-1

[Event "Challenge"]
[Site "http://www.queenalice.com/game.php?id=1172517"]
[Date "2013.4.17"]
[Round "-"]
[White "Andre1962"]
[Black "mascarade"]
[Result "1-0"]
[WhiteElo "1823"]
[BlackElo "1759"]

1. e4 e5 2. Nf3 d6 3. d4 exd4 4. Nxd4 Nf6 5. Nf5 Bxf5 6. exf5 Qd7 7. Be2 Qxf5 8.
Bd3 Qe6+ 9. Be3 Ng4 10. O-O Nxe3 11. fxe3 Qxe3+ 12. Rf2 Nd7 13. Nd2 O-O-O 14.
Nc4 Qe7 15. Re2 Ne5 16. Bf5+ Kb8 17. Qf1 f6 18. Rd1 Qf7 19. Ne3 g6 20. Bd3 Nxd3
21. cxd3 Qxa2 22. Ra1 Qxb2 23. Rxb2 1-0

[Event "Challenge"]
[Site "http://www.queenalice.com/game.php?id=1178963"]
[Date "2013.5.6"]
[Round "-"]
[White "Andre1962"]
[Black "alexferreira"]
[Result "1-0"]
[WhiteElo "1850"]
[BlackElo "1868"]

1. e4 b6 2. Nc3 Bb7 3. Bd3 Nc6 4. Nf3 g6 5. O-O Bg7 6. Re1 Nf6 7. Bf1 O-O 8. d4
d5 9. exd5 Nxd5 10. Nxd5 e6 11. Nc3 Nxd4 12. Nxd4 Bxd4 13. Qg4 Bg7 14. Rd1 Qe7
15. Bc4 c5 16. Bg5 Qc7 17. Bf4 Qc6 18. Bb5 Qc8 19. Bd7 Qd8 20. Bxe6 Qf6 21. Bd7
Bc8 22. Nd5 Qxb2 23. Ne7+ Kh8 24. Bxc8 Qf6 25. Nd5 Qc6 26. Bd7 Qb7 27. Qh4 Rad8
28. Nf6 h5 29. Nxh5 gxh5 30. Bf5 1-0

[Event "Challenge"]
[Site "http://www.queenalice.com/game.php?id=1178964"]
[Date "2013.5.6"]
[Round "-"]
[White "alexferreira"]
[Black "Andre1962"]
[Result "1/2-1/2"]
[WhiteElo "1915"]
[BlackElo "1870"]

1. d4 d5 2. g3 e6 3. Bg2 Nf6 4. Nf3 Nc6 5. O-O Bd6 6. Bg5 O-O 7. c3 Bd7 8. Nbd2
a6 9. Nb3 h6 10. Bxf6 Qxf6 11. Nfd2 h5 12. e4 Qg5 13. exd5 exd5 14. Nf3 Qf6 15.
Qd2 Rfe8 16. Rfe1 Bg4 17. Qd3 Bf5 18. Qd1 Bg4 19. Nbd2 Rxe1+ 20. Qxe1 Kf8 21.
Qe3 Re8 22. Qd3 Bf5 23. Qf1 Bd7 24. Qd3 Bf5 25. Qf1 Qh6 26. Re1 Rxe1 27. Qxe1
Qf6 28. Nh4 Be6 29. Qe3 Kg8 30. Nhf3 Ne7 31. Qe1 Nf5 32. Nb3 h4 33. Nc1 hxg3 34.
fxg3 Qh6 35. Nd3 Ne3 36. Bh1 Bf5 37. Nf2 Kf8 38. Nh4 Bd7 39. Nd1 Nxd1 40. Qxd1
Qe3+ 41. Kg2 c5 42. Nf3 Bg4 43. h3 Bxf3+ 44. Qxf3 cxd4 45. cxd4 Qxd4 46. Qf2 Qe5
47. b3 d4 48. Kh2 Qe3 49. Qxe3 dxe3 50. Bf3 Ke7 51. Kg2 Bc5 52. Kf1 b5 53. Ke2
a5 54. g4 Ke6 55. Kd3 Ke5 56. h4 Kf4 57. Be2 Be7 58. h5 Bc5 59. Bd1 Be7 60. Be2
b4 61. Bd1 Bg5 62. Be2 Kg3 63. Kc2 Kf4 64. Kd3 Kg3 65. Kc2 Kf2 66. Kd3 f6 67.
Bd1 Bf4 68. Be2 Be5 69. Bd1 Bc7 70. Be2 Bd6 71. Bd1 Be5 72. Be2 Bb8 73. Bd1 Ba7
74. Be2 Bd4 75. Bd1 Bc3 76. Be2 Be5 1/2-1/2

[Event "Challenge"]
[Site "http://www.queenalice.com/game.php?id=1185521"]
[Date "2013.5.28"]
[Round "-"]
[White "mascarade"]
[Black "Andre1962"]
[Result "1-0"]
[WhiteElo "1754"]
[BlackElo "1869"]

1. e4 e5 2. d3 Nc6 3. Nc3 Nf6 4. Bg5 Bc5 5. h3 d6 6. Nd5 h6 7. Nxf6+ gxf6 8. Bh4
Be6 9. Be2 Nd4 10. Bh5 Qd7 11. c3 Nb5 12. Bxf6 Rg8 13. Qf3 d5 14. O-O-O dxe4 15.
dxe4 Qc6 16. Ne2 Qa6 17. a3 Bb3 18. Rd2 Be7 19. Bxe5 Bxa3 20. Qd3 Bxb2+ 21. Rxb2
Qa1+ 22. Rb1 Qa3+ 23. Rb2 Rd8 24. Qxb5+ c6 25. Qxb3 Qc5 26. Qxf7# 1-0

[Event "Pal"]
[Site "http://www.queenalice.com/game.php?id=1200925"]
[Date "2013.7.19"]
[Round "-"]
[White "Andre1962"]
[Black "mascarade"]
[Result "1-0"]
[WhiteElo "1853"]
[BlackElo "1824"]

1. e4 e5 2. Nf3 d6 3. Nc3 Nf6 4. Bc4 h6 5. h3 Nc6 6. O-O g5 7. Nd5 Nh5 8. d3 g4
9. hxg4 Bxg4 10. Qd2 Bxf3 11. g3 Rg8 12. Kh2 Nd4 13. c3 Nf4 14. Nxf4 exf4 15.
Qxf4 Ne6 16. Bxe6 fxe6 17. Qxf3 Qe7 18. Qh5+ Kd7 19. Qb5+ Kc8 20. Kg2 e5 21. Be3
h5 22. Rh1 h4 23. Rxh4 Qxh4 24. Qe8+ Qd8 25. Qe6+ Qd7 26. Qxg8 Qe7 27. Rh1 b6
28. Rh7 Qe8 29. Qc4 1-0

[Event "Challenge"]
[Site "http://www.queenalice.com/game.php?id=1205158"]
[Date "2013.8.4"]
[Round "-"]
[White "Andre1962"]
[Black "alexferreira"]
[Result "1-0"]
[WhiteElo "1837"]
[BlackElo "1950"]

1. c4 g6 2. d4 Bg7 3. e4 d6 4. d5 Nf6 5. Bd3 O-O 6. Nf3 Bg4 7. b3 Nbd7 8. h3
Bxf3 9. Qxf3 e5 10. O-O c5 11. Na3 a6 12. Bg5 Qc7 13. Nc2 a5 14. a3 b6 15. Qg3
Rfe8 16. Ne3 a4 17. bxa4 Rxa4 18. Nf5 Bh8 19. Bc2 Rxc4 20. Bd3 Ra4 21. Bxf6 Nxf6
22. Bb5 Nxe4 23. Qd3 Rea8 24. Bxa4 Rxa4 25. Qb5 Nf6 26. Qxa4 1-0

[Event "Challenge"]
[Site "http://www.queenalice.com/game.php?id=1205225"]
[Date "2013.8.4"]
[Round "-"]
[White "alexferreira"]
[Black "Andre1962"]
[Result "1-0"]
[WhiteElo "1937"]
[BlackElo "1868"]

1. d4 d5 2. g3 e6 3. Bg2 c5 4. c3 c4 5. Nf3 Nf6 6. Bg5 Bd6 7. O-O h6 8. Bxf6
Qxf6 9. Nbd2 O-O 10. e4 Nc6 11. e5 Qd8 12. exd6 Qxd6 13. b3 cxb3 14. axb3 a5 15.
Re1 b5 16. Qc2 Ba6 17. Re3 b4 18. cxb4 Nxb4 19. Qc3 Bb7 20. Ne5 Nc6 21. Nxc6
Bxc6 22. Nf3 Bb5 23. Ne5 1-0

[Event "Challenge"]
[Site "http://www.queenalice.com/game.php?id=1206864"]
[Date "2013.8.10"]
[Round "-"]
[White "mascarade"]
[Black "Andre1962"]
[Result "1-0"]
[WhiteElo "1870"]
[BlackElo "1858"]

1. Nf3 Nf6 2. g3 Nc6 3. Bg2 e6 4. d3 Bc5 5. O-O O-O 6. Nc3 d5 7. a3 Ng4 8. e3
Qf6 9. d4 Qh6 10. Nh4 Qh5 11. Bf3 e5 12. dxc5 e4 13. Bxg4 Bxg4 14. Qd2 Ne5 15.
Nxd5 Nf3+ 16. Nxf3 Bxf3 17. Nf4 Qf5 18. Qd5 Qg4 19. h3 c6 20. Qb3 Qf5 21. Kh2 h5
22. Ng2 h4 23. Nxh4 Qg5 24. Nxf3 exf3 25. e4 Qxc5 26. Qxf3 Qxc2 27. Qg4 Rfe8 28.
Bh6 Qxb2 29. Rab1 Qf6 30. Bg5 Qg6 31. Qh4 Rxe4 32. g4 b6 33. Be3 Qd6+ 34. Qg3
Qxa3 35. Ra1 Qf8 36. Qc7 c5 37. Rxa7 Rxa7 38. Qxa7 Qd6+ 39. Kg2 Qd5 40. Kg1 Qe6
41. Qb8+ Kh7 42. Rb1 Rxe3 43. fxe3 Qxe3+ 44. Kh2 Qe2+ 45. Kg1 Qe3+ 46. Kh2 Qe2+
47. Kg1 c4 48. Qxb6 Qd3 49. Qb5 Qg3+ 50. Kf1 Qxh3+ 51. Kf2 Qh4+ 52. Kf3 Qh3+ 53.
Kf2 Qxg4 54. Rh1+ Kg6 55. Rg1 Qxg1+ 56. Kxg1 Kf6 57. Qxc4 g6 58. Kg2 Ke7 59. Kg3
Kf6 60. Kg4 Ke5 61. Qf4+ Ke6 62. Kg5 Kd5 63. Qxf7+ Kd4 64. Qxg6 Kc5 65. Qd3 Kc6
66. Qd4 Kb5 67. Qc3 Kb6 68. Qc4 Kb7 69. Qc5 Ka6 70. Qb4 Ka7 71. Qb5 Ka8 72. Kf6
Ka7 73. Ke7 Ka8 74. Kd7 Ka7 75. Kc8 Ka8 76. Qb7# 1-0

[Event "Challenge"]
[Site "http://www.queenalice.com/game.php?id=1222040"]
[Date "2013.10.4"]
[Round "-"]
[White "Andre1962"]
[Black "mascarade"]
[Result "1-0"]
[WhiteElo "1858"]
[BlackElo "1830"]

1. e4 e5 2. Nf3 d6 3. Nc3 a6 4. d4 exd4 5. Nxd4 Ne7 6. Bg5 f6 7. Be3 c5 8. Nb3
Nbc6 9. Qh5+ g6 10. Qh4 Bg7 11. O-O-O Ne5 12. Bxc5 g5 13. Qg3 1-0

[Event "Challenge"]
[Site "http://www.queenalice.com/game.php?id=1222725"]
[Date "2013.10.7"]
[Round "-"]
[White "Andre1962"]
[Black "Saintsalles"]
[Result "1-0"]
[WhiteElo "1873"]
[BlackElo "1591"]

1. e4 e5 2. Qf3 Nf6 3. Bc4 d6 4. Nh3 Bxh3 5. Qxh3 Nxe4 6. Qf3 d5 7. Bb3 c6 8. d3
Nc5 9. O-O f6 10. c3 Nxb3 11. axb3 Qd7 12. c4 d4 13. Na3 Na6 14. Bd2 Bxa3 15.
bxa3 Nc5 16. Bb4 Na6 17. Qh5+ g6 18. Qh6 Nxb4 19. axb4 Qf7 20. b5 c5 21. b6 a6
22. Ra5 Rc8 23. Qh3 Ke7 24. Rb1 f5 25. b4 Qf6 26. bxc5 Rc6 27. Qf3 g5 28. Qd5
Rd8 29. Qf3 g4 30. Qd1 h5 31. g3 h4 32. Kf1 hxg3 33. hxg3 Rh8 34. Ke2 f4 35. Kd2
Rh2 36. Qg1 Qh6 37. Kc2 f3 38. Re1 Rg2 39. Rxe5+ Kf6 40. Qe1 Rh2 41. Re8 Qg7 42.
Qe5+ Kg6 43. Qe4+ Kh5 44. Re5+ Kh6 45. Qf4+ Kh7 46. Rg5 Rg6 47. Qe4 Rxf2+ 48.
Kb3 Kh6 49. Rd5 Qf6 50. Rf5 Qg7 51. Qf4+ Rg5 52. Rf6+ Kh5 53. Rf5 Kh6 54. c6 Rh2
55. Rxg5 Qe7 56. Rge5+ 1-0